How to run a great worshop : The complete guide to designing and running brilliant workshops and meetings

This interactive guide is designed especially for busy managers - people whose main role is not training and will take you through a simple step-by-step process that results in stimulating, fun and effective workshops and presentations.Just some of the many scenarios the book will help you tackle in...

ver descrição completa

Na minha lista:
Detalhes bibliográficos
Autor principal: Sims, Nikki Highmore
Formato: Livro
Idioma:Undetermined
Publicado em: New York Pearson Prentice Hall 2006
Assuntos:
Tags: Adicionar Tag
Sem tags, seja o primeiro a adicionar uma tag!
Thư viện lưu trữ: Trung tâm Học liệu Trường Đại học Cần Thơ
LEADER 01505nam a2200217Ia 4500
001 CTU_134307
008 210402s9999 xx 000 0 und d
020 |c 531000 
082 |a 651.7 
082 |b S614 
100 |a Sims, Nikki Highmore 
245 0 |a How to run a great worshop : 
245 4 |b The complete guide to designing and running brilliant workshops and meetings 
245 0 |c Nikki Highmore Sims 
260 |a New York 
260 |b Pearson Prentice Hall 
260 |c 2006 
520 |a This interactive guide is designed especially for busy managers - people whose main role is not training and will take you through a simple step-by-step process that results in stimulating, fun and effective workshops and presentations.Just some of the many scenarios the book will help you tackle include: * How to put together training session from scratch when you have 'blank page, blank face' syndrome here's the step-by-step solution * You've done some training but you aren't getting the desired results from your sessions here's what do to about it * You haven't time to write 80 sexy PowerPoint slides for a session you are running here's what to do instead that will be even more effective "and "take half the time * You're dreading the experience of being 'up the front' here's how to shift the onus from you to your participants 
650 |a Business presentations,Workshops (Adult education),Meetings 
904 |i Tuyến 
980 |a Trung tâm Học liệu Trường Đại học Cần Thơ